000 00614nas a2200229 4500
001 BR0001520
003 BR-BrBNA
005 20231205101806.0
007 ta
008 230509b bl.|||p| |||| 00| 00por d
040 _aBR-BrBNA
_bpor
_cBiblioteca Nacional de Agricultura
041 _a(Pt)
072 _aE70
100 1 _aSeda, V.
245 1 _aA maior alta em quatro anos
650 _aAgribusiness
650 _aPreco
650 _aMercado
773 0 _tAgroanalysis (Brazil)
_xISSN 0100-4298
_g(May 1999), v. 19(5) p. 55
_wBR0001520
909 _a202311
_bLúcia
_c55
_dLúcia Elande
942 _2AGRIS
_n0
_cANA
999 _c163948
_d163948